[Event "CZE-chT2E 2122"]
[Site "Czech Republic"]
[Date "2022.03.20"]
[Round "10.8"]
[White "Majer, Jiri Sr"]
[Black "Sepsi, Jakub"]
[Result "1-0"]
[WhiteElo "1903"]
[BlackElo "1602"]
[PlyCount "60"]
[EventDate "2021.10.17"]
[EventType "team-tourn"]
[EventRounds "11"]
[EventCountry "CZE"]
[SourceTitle "EXT 2024"]
[Source "ChessBase"]
[SourceDate "2023.10.10"]
[SourceVersion "1"]
[SourceVersionDate "2023.10.10"]
[SourceQuality "1"]
[WhiteTeam "Kurim"]
[BlackTeam "Jundrov Jezdci"]
[WhiteTeamCountry "CZE"]
[BlackTeamCountry "CZE"]

1. d4 d5 2. Nf3 Nf6 3. c4 e6 4. Nc3 c5 5. cxd5 exd5 6. Bg5 Be6 7. e3 Nc6 8. Be2 cxd4 9. Nxd4 Be7 10. 0-0 0-0 11. Rc1 Rc8 12. Qd2 Ne4 13. Nxe4 dxe4 14. Bxe7 Nxe7 15. Qb4 Rxc1 16. Rxc1 Bd5 17. Rd1 Qd7 18. Nb5 b6 19. Nc3 Qe6 20. Nxd5 Nxd5 21. Qb3 Nc7 22. Bc4 Qe7 23. Rd4 Kh8 24. Qd1 f5 25. Rd7 Qc5 26. Qd6 Qxd6 27. Rxd6 Rc8 28. Rc6 h6 29. Kf1 a5 30. Be6 Re8 1-0

[Event "Brno op 10th"]
[Site "Brno"]
[Date "2021.11.26"]
[Round "8"]
[White "Komarek, Tobias"]
[Black "Sepsi, Jakub"]
[Result "0-1"]
[WhiteElo "1239"]
[BlackElo "1553"]
[PlyCount "116"]
[EventDate "2021.11.20"]
[EventType "swiss"]
[EventRounds "9"]
[EventCountry "CZE"]
[SourceTitle "CBM 205 Extra"]
[Source "ChessBase"]
[SourceDate "2022.01.31"]
[SourceVersion "1"]
[SourceVersionDate "2022.01.31"]
[SourceQuality "1"]

1. c4 e6 2. d4 d5 3. cxd5 exd5 4. Nc3 Nf6 5. Bg5 Be7 6. g3 h6 7. Bf4 0-0 8. Bg2 a6 9. Nf3 Nc6 10. 0-0 Bf5 11. Ne5 Nb8 12. Rc1 c6 13. Qb3 Bc8 14. Na4 Nbd7 15. Nxd7 Nxd7 16. Rc2 Bg5 17. Bxg5 Qxg5 18. Nc5 Nxc5 19. Rxc5 Qd2 20. e3 a5 21. Rfc1 Qb4 22. Qc2 Be6 23. Qc3 Qxc3 24. R5xc3 a4 25. b3 axb3 26. axb3 Ra3 27. b4 Rfa8 28. Rxa3 Rxa3 29. e4 Rb3 30. exd5 cxd5 31. f4 Rxb4 32. f5 Bxf5 33. Bxd5 Rxd4 34. Bxb7 Bh3 35. Ra1 g6 36. Bg2 Bxg2 37. Kxg2 Rd2+ 38. Kg1 Kg7 39. Rf1 f6 40. Rf2 Rd4 41. Kg2 g5 42. Re2 Kg6 43. Rf2 Rd3 44. Kg1 h5 45. Rg2 Rd1+ 46. Kf2 Rd2+ 47. Kg1 Rxg2+ 48. Kxg2 g4 49. Kf2 Kg5 50. Ke2 h4 51. Kf2 f5 52. Ke3 hxg3 53. hxg3 Kf6 54. Kd4 Ke6 55. Kd3 Kd5 56. Ke3 Ke5 57. Kf2 Kd4 58. Ke2 Ke4 0-1

[Event "Brno op 10th"]
[Site "Brno"]
[Date "2021.11.22"]
[Round "3"]
[White "Sepsi, Jakub"]
[Black "Stancik, Jakub"]
[Result "1/2-1/2"]
[WhiteElo "1553"]
[BlackElo "2079"]
[PlyCount "89"]
[EventDate "2021.11.20"]
[EventType "swiss"]
[EventRounds "9"]
[EventCountry "CZE"]
[SourceTitle "CBM 205 Extra"]
[Source "ChessBase"]
[SourceDate "2022.01.31"]
[SourceVersion "1"]
[SourceVersionDate "2022.01.31"]
[SourceQuality "1"]

1. e4 c5 2. Nf3 Nc6 3. d4 cxd4 4. Nxd4 e5 5. Nb5 d6 6. N1c3 a6 7. Na3 Be7 8. Nd5 Nf6 9. Nxf6+ Bxf6 10. c3 Be6 11. Be3 0-0 12. Bc4 Qe7 13. Bd5 Rad8 14. Qd3 Bg5 15. Bb6 Rd7 16. 0-0 Kh8 17. Rad1 f5 18. exf5 Bxf5 19. Be4 g6 20. Be3 d5 21. Bxf5 Rxf5 22. Bxg5 Qxg5 23. Nc2 Rf8 24. Qe3 Qf6 25. f3 Kg7 26. Rf2 Rd6 27. Rfd2 Rfd8 28. Qc5 Qe6 29. Nb4 Nxb4 30. Qxb4 R8d7 31. Re1 Qf5 32. Qg4 Qxg4 33. fxg4 Re6 34. b3 Kf6 35. h4 e4 36. Kf2 Rdd6 37. Ke3 Ke5 38. Rf1 Rc6 39. Rc2 Rxc3+ 40. Rxc3 d4+ 41. Kd2 dxc3+ 42. Kxc3 Rd6 43. Rf7 e3 44. g3 Ke4 45. Rf4+ 1/2-1/2